书目信息 |
| 题名: |
中华药汤谱
|
|
| 作者: | 郭维峰 , 卢祥之 , 郭凌 编著 | |
| 分册: | ||
| 出版信息: | 北京 科学出版社 1997 |
|
| 页数: | 500页 | |
| 开本: | 32开 | |
| 丛书名: | ||
| 单 册: | ||
| 中图分类: | R247.1 | |
| 科图分类: | ||
| 主题词: | 中医学:临床医学 | |
| 电子资源: | ||
| ISBN: | 7-03-006281-7 | |
| 000 | 00643nam0 2200217 45 | |
| 001 | 0012090915 | |
| 005 | 20001209091548.0 | |
| 010 | @a7-03-006281-7@d27.00元 | |
| 100 | @a20001209d1997 km y0chiy0120 ea | |
| 101 | 0 | @achi |
| 105 | @a z 000yy | |
| 200 | 1 | @a中华药汤谱@AZhong Hua Yao Tang Pu@f郭维峰,卢祥之,郭凌等编著@FGuo Wei Feng,Lu Xiang Zhi,Guo Ling Deng Bian Zhu |
| 210 | @a北京@c科学出版社@d1997 | |
| 215 | @a500页@d32开 | |
| 606 | 0 | @a中医学:临床医学 |
| 690 | @aR247.1@v3 | |
| 701 | 0 | @a郭维峰@4编著 |
| 701 | 0 | @a卢祥之@4编著 |
| 701 | 0 | @a郭凌@4编著 |
| 801 | @aCN@bPftUser@c20001209 | |
| 905 | @b300005-009@dR247.1@eG255@f5 | |
| 中华药汤谱/郭维峰,卢祥之,郭凌等编著.-北京:科学出版社,1997 |
| 500页;32开 |
| ISBN 7-03-006281-7:27.00元 |
| ● |
| 相关链接 |
|
|
|
正题名:中华药汤谱
索取号:R247.1/G255
 
预约/预借
| 序号 | 登录号 | 条形码 | 馆藏地/架位号 | 状态 | 备注 |
| 1 | 300005 | 203000055 | 自科库401/401自科库 10排4列1层/ [索取号:R247.1/G255] | 在馆 | |
| 2 | 300006 | 203000064 | 自科库401/ [索取号:R247.1/G255] | 在馆 | |
| 3 | 300007 | 203000073 | 自科库401/ [索取号:R247.1/G255] | 在馆 | |
| 4 | 300008 | 203000082 | 自科库401/401自科库 10排4列1层/ [索取号:R247.1/G255] | 在馆 | |
| 5 | 300009 | 203000091 | 自科库401/401自科库 10排4列1层/ [索取号:R247.1/G255] | 在馆 |